Statistics for WHAM! Songs

Click here to take the quiz!

General Stats

  • This quiz has been taken 46 times
  • The average score is 14 of 24

Answer Stats

HintAnswer% Correct
Make It BigWake Me Up Before You Go-Go
80%
FantasticClub Tropicana
76%
Music From The Edge Of HeavenLast Christmas (Pudding Remix)
76%
Music From The Edge Of HeavenWham! Rap '86
76%
FantasticWham Rap! (Enjoy What You Do)
76%
FantasticBad Boys
72%
Make It BigCareless Whisper
72%
Make It BigEverything She Wants
72%
Make It BigFreedom
72%
Music From The Edge Of HeavenThe Edge Of Heaven
64%
FantasticYoung Guns (Go For It!)
64%
Music From The Edge Of HeavenI'm Your Man
60%
FantasticA Ray Of Sunshine
56%
Make It BigHeartbeat
52%
Music From The Edge Of HeavenA Different Corner
48%
Make It BigCredit Card Baby
48%
Music From The Edge Of HeavenBattlestations
44%
FantasticLove Machine
44%
FantasticNothing Looks The Same In The Light
44%
Music From The Edge Of HeavenWhere Did Your Heart Go? (Was (Not Was)) Cover
44%
Music From The Edge Of HeavenBlue (Live In China)
40%
Make It BigIf You Were There
40%
Make It BigLike A Baby
40%
FantasticCome On
32%

Score Distribution

Percentile by Number Answered

Percent of People with Each Score

Your Score History

You have not taken this quiz